| 000 | 00838cam a2200277 a 4500 | ||
|---|---|---|---|
| 008 | |||
| 020 | _a0412399407 (Pbk.) | ||
| 049 | _aMAIN | ||
| 090 |
_aQP620 _bADA |
||
| 100 | 1 | _aAdams, R. L. P. | |
| 245 | 1 | 4 |
_aThe biochemistry of the nucleic acids / _cRoger L.P. Adams, John T. Knowler, David P. Leader. |
| 250 | _a11th ed. | ||
| 260 |
_aLondon ; _aNew York : _bChapman & Hall, _cc1992. |
||
| 300 |
_axxii, 675 p. : _bill. ; _c26 cm. |
||
| 500 | _aIncludes index. | ||
| 504 | _aIncludes bibliographical references. | ||
| 650 | 0 | _aNucleic acids. | |
| 650 | 2 |
_aNucleic Acids _xchemistry. |
|
| 700 | 1 | _aKnowler, John T. | |
| 700 | 1 | _aLeader, David P. | |
| 907 |
_a.b10197928 _b16-04-12 _c06-04-06 |
||
| 003 | |||
| 005 | 20230123134204.0 | ||
| 040 | _cNUST | ||
| 942 |
_cBOOKS _kQP620 _mADA |
||
| 999 |
_c161585 _d161585 |
||